00537nam a2200181Ia 450000500170000000800410001702000150005808200130007310000190008624500450010526000360015030000130018665000220019965000160022194200060023795200970024399900150034020250623025619.0240331s9999 xx 000 0 und d a9552104882 bSENa323 aSeniviratne, C 0aNirayudakaranaya samayasaha sanwardenaya aColombobA.M.D. Gunasena c1990 a161 p ., aDisarmament peace aDevelopment cL 001040708LaWERCLbWERCLcSSCd2024-03-31l0o 323.4 SENp3459r2024-03-31w2024-03-31yL c2502d2502